[Event "Alushta June-B"]
[Site "Alushta"]
[Date "2009.06.11"]
[Round "10"]
[White "Sharevich, Anna"]
[Black "Khudiakov, Alexandr"]
[Result "1-0"]
[WhiteElo "2358"]
[BlackElo "2141"]
[PlyCount "55"]
[EventDate "2009.06.02"]
[EventType "tourn"]
[EventRounds "11"]
[EventCountry "UKR"]
[SourceTitle "CBM 130 Extra"]
[Source "ChessBase"]
[SourceDate "2009.07.02"]
[SourceVersion "2"]
[SourceVersionDate "2009.07.15"]
[SourceQuality "1"]

1. d4 f5 2. Nf3 Nf6 3. Bf4 e6 4. e3 Be7 5. c4 0-0 6. Nc3 d6 7. h3 Qe8 8. Bd3 Nbd7 9. Qc2 b6 10. Bh2 Bb7 11. 0-0-0 Ne4 12. Nxe4 fxe4 13. Bxe4 Bxe4 14. Qxe4 Qg6 15. Qxg6 hxg6 16. Rhf1 Rf7 17. Nd2 e5 18. dxe5 dxe5 19. Ne4 Bf6 20. Rd5 Nf8 21. Rfd1 Re7 22. g4 g5 23. h4 Nh7 24. hxg5 Bxg5 25. Nxg5 Nxg5 26. Rxe5 Rxe5 27. Bxe5 c5 28. Rd7 1-0

[Event "Alushta Autumn 3rd"]
[Site "Alushta"]
[Date "2008.09.18"]
[Round "7"]
[White "Demchenko, Anton"]
[Black "Khudiakov, Alexandr"]
[Result "1-0"]
[WhiteElo "2495"]
[BlackElo "2164"]
[PlyCount "75"]
[EventDate "2008.09.14"]
[EventType "tourn"]
[EventRounds "13"]
[EventCountry "UKR"]
[EventCategory "6"]
[SourceTitle "CBM 126 Extra"]
[Source "ChessBase"]
[SourceDate "2008.11.05"]
[SourceVersion "1"]
[SourceVersionDate "2008.11.05"]
[SourceQuality "1"]

1. e4 e5 2. Nf3 Nc6 3. Bb5 Nf6 4. 0-0 Bc5 5. c3 0-0 6. d4 Bb6 7. Re1 d6 8. h3 Qe7 9. a4 a5 10. Na3 exd4 11. Nxd4 Nxd4 12. cxd4 c6 13. Bf1 h6 14. Nc4 Bc7 15. Bf4 Nxe4 16. d5 cxd5 17. Qxd5 Nf6 18. Rxe7 Nxd5 19. Rxc7 Nxc7 20. Nb6 Ra6 21. Bxa6 Nxa6 22. Nc4 b6 23. Nxb6 Be6 24. Rd1 Nc5 25. Rxd6 Bb3 26. Be3 Nxa4 27. Nxa4 Bxa4 28. Ra6 Rb8 29. Rxa5 Bd7 30. Bd4 Be6 31. Bc3 Bb3 32. f4 Rb7 33. Kf2 f6 34. Ra8+ Kf7 35. g4 f5 36. gxf5 Bc2 37. f6 gxf6 38. Ra6 1-0

[Event "Alushta Autumn 3rd"]
[Site "Alushta"]
[Date "2008.09.17"]
[Round "6"]
[White "Khudiakov, Alexandr"]
[Black "Simonian, Hrair"]
[Result "0-1"]
[WhiteElo "2164"]
[BlackElo "2452"]
[PlyCount "90"]
[EventDate "2008.09.14"]
[EventType "tourn"]
[EventRounds "13"]
[EventCountry "UKR"]
[EventCategory "6"]
[SourceTitle "CBM 126 Extra"]
[Source "ChessBase"]
[SourceDate "2008.11.05"]
[SourceVersion "1"]
[SourceVersionDate "2008.11.05"]
[SourceQuality "1"]

1. d4 Nf6 2. c4 b6 3. Nf3 Bb7 4. g3 e6 5. Bg2 Be7 6. 0-0 d5 7. Nbd2 0-0 8. b3 Nbd7 9. Bb2 c5 10. dxc5 Bxc5 11. Ne5 Nxe5 12. Bxe5 Ng4 13. Bb2 Qg5 14. Nf3 Qh6 15. h3 Nf6 16. Bc1 Qg6 17. Bf4 Nh5 18. Ne5 Qf5 19. Nd3 Nxf4 20. Nxf4 Rad8 21. cxd5 exd5 22. Qd3 Qc8 23. Nxd5 Bxd5 24. Bxd5 Qxh3 25. Bg2 Rxd3 26. Bxh3 Rxg3+ 27. Kh2 Rc3 28. e3 Rc2 29. Kg1 Rd8 30. Rfc1 Rb2 31. Rcb1 Rdd2 32. Rxb2 Rxb2 33. Bf1 f5 34. Bc4+ Kf8 35. a4 f4 36. Re1 g5 37. Re2 Rb1+ 38. Kg2 fxe3 39. fxe3 h5 40. Rf2+ Kg7 41. Rf7+ Kg6 42. Rxa7 Rb2+ 43. Kf3 g4+ 44. Ke4 g3 45. Kf3 g2 0-1

[Event "Alushta Autumn 3rd"]
[Site "Alushta"]
[Date "2008.09.15"]
[Round "3"]
[White "Petrosian, Davit Gevorgi"]
[Black "Khudiakov, Alexandr"]
[Result "1-0"]
[WhiteElo "2460"]
[BlackElo "2164"]
[PlyCount "53"]
[EventDate "2008.09.14"]
[EventType "tourn"]
[EventRounds "13"]
[EventCountry "UKR"]
[EventCategory "6"]
[SourceTitle "CBM 126 Extra"]
[Source "ChessBase"]
[SourceDate "2008.11.05"]
[SourceVersion "1"]
[SourceVersionDate "2008.11.05"]
[SourceQuality "1"]

1. e4 e5 2. Nf3 Nc6 3. d4 exd4 4. Nxd4 Bc5 5. Be3 Qf6 6. c3 Nge7 7. Bc4 0-0 8. 0-0 Bb6 9. Nc2 d6 10. Bxb6 axb6 11. f4 Be6 12. Bd3 Rxa2 13. Rxa2 Bxa2 14. Nd2 Be6 15. Ne3 Qh6 16. g4 f6 17. Qe2 g5 18. f5 Bf7 19. Nf3 Ne5 20. Nxe5 dxe5 21. Bc4 c6 22. Rd1 b5 23. Be6 Qh3 24. Rd3 Bxe6 25. fxe6 Ng6 26. Nd5 Qh4 27. e7 1-0

[Event "Alushta Autumn 1st"]
[Site "Alushta"]
[Date "2008.09.03"]
[Round "2"]
[White "Khudiakov, Alexandr"]
[Black "Kharchenko, Boris"]
[Result "0-1"]
[WhiteElo "2164"]
[BlackElo "2443"]
[PlyCount "56"]
[EventDate "2008.09.02"]
[EventType "tourn"]
[EventRounds "11"]
[EventCountry "UKR"]
[EventCategory "5"]
[SourceTitle "CBM 126 Extra"]
[Source "ChessBase"]
[SourceDate "2008.11.05"]
[SourceVersion "1"]
[SourceVersionDate "2008.11.05"]
[SourceQuality "1"]

1. d4 d5 2. c4 c6 3. Nf3 Nf6 4. cxd5 cxd5 5. Nc3 Nc6 6. Bf4 Nh5 7. Bg3 Nxg3 8. hxg3 e5 9. e3 e4 10. Ne5 Bd6 11. Bb5 Bxe5 12. dxe5 a6 13. Bxc6+ bxc6 14. Qd4 Rb8 15. 0-0 h5 16. f3 h4 17. g4 h3 18. Ne2 hxg2 19. Kxg2 exf3+ 20. Rxf3 Qh4 21. Rg3 c5 22. Qxc5 Bxg4 23. Qc6+ Bd7 24. Qxd5 Qh2+ 25. Kf3 Rxb2 26. Re1 Rh3 27. Rxh3 Qxh3+ 28. Ke4 Qg2+ 0-1

[Event "Alushta Autumn 1st"]
[Site "Alushta"]
[Date "2008.09.02"]
[Round "1"]
[White "Iljin, Timofey"]
[Black "Khudiakov, Alexandr"]
[Result "1-0"]
[WhiteElo "2408"]
[BlackElo "2164"]
[PlyCount "59"]
[EventDate "2008.09.02"]
[EventType "tourn"]
[EventRounds "11"]
[EventCountry "UKR"]
[EventCategory "5"]
[SourceTitle "CBM 126 Extra"]
[Source "ChessBase"]
[SourceDate "2008.11.05"]
[SourceVersion "1"]
[SourceVersionDate "2008.11.05"]
[SourceQuality "1"]

1. Nf3 d5 2. c4 c6 3. g3 Nf6 4. Bg2 Bg4 5. Ne5 Bh5 6. cxd5 cxd5 7. Nc3 e6 8. Qa4+ Nbd7 9. g4 Bg6 10. h4 Bd6 11. d4 h6 12. Nxg6 fxg6 13. Qc2 Nf8 14. e4 dxe4 15. g5 hxg5 16. hxg5 Rxh1+ 17. Bxh1 Nd5 18. Bxe4 Nf4 19. Be3 Qxg5 20. 0-0-0 Qe7 21. Kb1 Kf7 22. d5 e5 23. Nb5 b6 24. a3 Rd8 25. Rg1 a6 26. Bxf4 exf4 27. Bxg6+ Nxg6 28. Qxg6+ Kg8 29. Nd4 Be5 30. Nc6 1-0

[Event "Alushta 01"]
[Site "Alushta"]
[Date "2007.09.??"]
[Round "5"]
[White "Akshayraj, Kore"]
[Black "Khudiakov, Alexandr"]
[Result "1-0"]
[WhiteElo "2416"]
[BlackElo "2166"]
[PlyCount "89"]
[EventDate "2007.09.??"]
[EventType "tourn"]
[EventRounds "15"]
[EventCountry "UKR"]
[EventCategory "6"]
[SourceTitle "EXT 2009"]
[Source "ChessBase"]
[SourceDate "2008.11.26"]
[SourceVersion "1"]
[SourceVersionDate "2008.11.26"]
[SourceQuality "1"]

1. e4 e5 2. Nf3 Nc6 3. Bb5 Nf6 4. 0-0 Bc5 5. c3 0-0 6. d4 Bb6 7. Bg5 h6 8. Bh4 d6 9. Qd3 Qe7 10. Nbd2 Nd8 11. d5 c6 12. Ba4 Kh8 13. Nc4 Bc7 14. Ne3 g5 15. Nxg5 hxg5 16. Bxg5 Rg8 17. Bh4 Rg6 18. dxc6 bxc6 19. Bxc6 Nxc6 20. Nd5 Nxd5 21. Bxe7 Nf4 22. Qc4 Bh3 23. g3 d5 24. exd5 Nxe7 25. Qxc7 Nexd5 26. Qxe5+ f6 27. Qe4 Bd7 28. c4 Re8 29. Qxe8+ Bxe8 30. cxd5 Nxd5 31. Rac1 Bf7 32. Rc8+ Bg8 33. Rd1 Nb6 34. Rc7 Rg7 35. Rxg7 Kxg7 36. Rc1 Bxa2 37. Ra1 Bd5 38. Rxa7+ Kg6 39. Ra5 Bf3 40. Ra3 Bd5 41. Rd3 Kf5 42. f3 Ke5 43. Kf2 Nc4 44. b3 Nd6 45. g4 1-0

[Event "Alushta 01"]
[Site "Alushta"]
[Date "2007.09.??"]
[Round "13"]
[White "Khudiakov, Alexandr"]
[Black "Belikov, Vladimir"]
[Result "0-1"]
[WhiteElo "2166"]
[BlackElo "2566"]
[PlyCount "40"]
[EventDate "2007.09.??"]
[EventType "tourn"]
[EventRounds "15"]
[EventCountry "UKR"]
[EventCategory "6"]
[SourceTitle "EXT 2009"]
[Source "ChessBase"]
[SourceDate "2008.11.26"]
[SourceVersion "1"]
[SourceVersionDate "2008.11.26"]
[SourceQuality "1"]

1. Nf3 c5 2. g3 d5 3. Bg2 Nf6 4. 0-0 h6 5. c4 d4 6. d3 Nc6 7. e3 dxe3 8. fxe3 Bg4 9. h3 Bxf3 10. Bxf3 Qd7 11. Kh2 e6 12. Nc3 Bd6 13. Ne4 Nxe4 14. Bxe4 h5 15. Kg2 f5 16. Bf3 0-0-0 17. d4 Bb8 18. dxc5 Qc7 19. Qe1 Nb4 20. c6 bxc6 0-1

[Event "Alushta 01"]
[Site "Alushta"]
[Date "2007.09.??"]
[Round "15"]
[White "Khudiakov, Alexandr"]
[Black "Harutjunyan, Gevorg"]
[Result "1-0"]
[WhiteElo "2166"]
[BlackElo "2387"]
[PlyCount "65"]
[EventDate "2007.09.??"]
[EventType "tourn"]
[EventRounds "15"]
[EventCountry "UKR"]
[EventCategory "6"]
[SourceTitle "EXT 2009"]
[Source "ChessBase"]
[SourceDate "2008.11.26"]
[SourceVersion "1"]
[SourceVersionDate "2008.11.26"]
[SourceQuality "1"]

1. d4 Nf6 2. c4 g6 3. Nc3 Bg7 4. e4 d6 5. f4 0-0 6. Nf3 c5 7. dxc5 Qa5 8. Bd3 Qxc5 9. Qe2 Nc6 10. Be3 Qa5 11. 0-0 Bg4 12. Rac1 Nd7 13. Qf2 Bxf3 14. gxf3 Rac8 15. Kh1 Nc5 16. Bb1 Qb4 17. Qe2 Ne6 18. a3 Qa5 19. Qf2 Qh5 20. Nd5 f5 21. exf5 gxf5 22. Rg1 Kh8 23. b4 Rf7 24. Rg3 Ne5 25. Qg2 Rxc4 26. fxe5 Rxc1+ 27. Bxc1 f4 28. Nxf4 Qxe5 29. Nxe6 Qxe6 30. Qc2 Bd4 31. Qe4 Qc4 32. Be3 e5 33. Bxd4 1-0

[Event "Alushta 01"]
[Site "Alushta"]
[Date "2007.09.??"]
[Round "2"]
[White "Khudiakov, Alexandr"]
[Black "Maiorov, Nikita"]
[Result "0-1"]
[WhiteElo "2166"]
[BlackElo "2487"]
[PlyCount "60"]
[EventDate "2007.09.??"]
[EventType "tourn"]
[EventRounds "15"]
[EventCountry "UKR"]
[EventCategory "6"]
[SourceTitle "EXT 2009"]
[Source "ChessBase"]
[SourceDate "2008.11.26"]
[SourceVersion "1"]
[SourceVersionDate "2008.11.26"]
[SourceQuality "1"]

1. d4 Nf6 2. c4 e6 3. Nc3 Bb4 4. e3 0-0 5. Bd3 d5 6. Nge2 c5 7. 0-0 dxc4 8. Bxc4 Nc6 9. a3 Bxc3 10. bxc3 Qc7 11. Qc2 b6 12. Bb2 Na5 13. Bd3 c4 14. Be4 Nxe4 15. Qxe4 Bb7 16. Qh4 e5 17. Ng3 f5 18. dxe5 Qxe5 19. Rad1 Qe6 20. Rd4 Nb3 21. Rxc4 Ba6 22. Rc7 Bxf1 23. Re7 Qc4 24. Qg5 Rf7 25. Nxf5 Rxe7 26. Qxe7 Qg4 27. Qe6+ Kh8 28. Qd5 Rf8 29. Nd6 Qg6 30. Qxb3 Qxg2# 0-1

[Event "Alushta 01"]
[Site "Alushta"]
[Date "2007.09.??"]
[Round "6"]
[White "Khudiakov, Alexandr"]
[Black "Sahu, Sekhar Chandra"]
[Result "1/2-1/2"]
[WhiteElo "2166"]
[BlackElo "2250"]
[PlyCount "93"]
[EventDate "2007.09.??"]
[EventType "tourn"]
[EventRounds "15"]
[EventCountry "UKR"]
[EventCategory "6"]
[SourceTitle "EXT 2009"]
[Source "ChessBase"]
[SourceDate "2008.11.26"]
[SourceVersion "1"]
[SourceVersionDate "2008.11.26"]
[SourceQuality "1"]

1. c4 c5 2. Nc3 Nf6 3. g3 g6 4. Bg2 Bg7 5. Nf3 0-0 6. 0-0 Nc6 7. a3 d6 8. Rb1 Bf5 9. d3 Qd7 10. b4 Bh3 11. Bxh3 Qxh3 12. Nd5 Qd7 13. b5 Nd4 14. Nxf6+ Bxf6 15. Nxd4 cxd4 16. e4 dxe3 17. Bxe3 Qf5 18. g4 Qd7 19. Qf3 Bg7 20. Qe2 Rfc8 21. Rfc1 d5 22. c5 d4 23. Bd2 a6 24. c6 bxc6 25. b6 Rab8 26. a4 c5 27. a5 e5 28. Rc4 Qd5 29. Qe4 Qxe4 30. dxe4 Bf8 31. Rbc1 Re8 32. Kf1 f6 33. Ke2 Kf7 34. R1c2 f5 35. f3 Re6 36. g5 Be7 37. Bc1 Rc6 38. Ba3 Rbc8 39. Bxc5 fxe4 40. fxe4 Bxc5 41. b7 Rb8 42. Rxc5 Rxc5 43. Rxc5 Rxb7 44. Rxe5 Rb3 45. Kd2 Re3 46. h4 Rh3 47. Ke2 1/2-1/2

[Event "Alushta 01"]
[Site "Alushta"]
[Date "2007.09.??"]
[Round "14"]
[White "Kutynec, Vladimir"]
[Black "Khudiakov, Alexandr"]
[Result "1-0"]
[WhiteElo "2319"]
[BlackElo "2166"]
[PlyCount "135"]
[EventDate "2007.09.??"]
[EventType "tourn"]
[EventRounds "15"]
[EventCountry "UKR"]
[EventCategory "6"]
[SourceTitle "EXT 2009"]
[Source "ChessBase"]
[SourceDate "2008.11.26"]
[SourceVersion "1"]
[SourceVersionDate "2008.11.26"]
[SourceQuality "1"]

1. Nf3 d5 2. c4 c6 3. g3 Nf6 4. Bg2 Bg4 5. cxd5 cxd5 6. Qb3 Qc8 7. Nc3 Bxf3 8. Bxf3 e6 9. d3 Nc6 10. Bf4 Qd7 11. Bg2 Be7 12. 0-0 0-0 13. e4 e5 14. Bd2 Nd4 15. Qd1 dxe4 16. dxe4 Bb4 17. Be3 Rfd8 18. h3 Rac8 19. Rc1 Qe7 20. Nd5 Nxd5 21. Rxc8 Rxc8 22. exd5 Bc5 23. Qd3 Bb6 24. Kh2 Qb4 25. b3 f5 26. Bxd4 exd4 27. Qxf5 Re8 28. Rc1 Qf8 29. Qxf8+ Kxf8 30. Bf3 d3 31. Kg2 d2 32. Rc2 Ba5 33. a3 Re1 34. b4 d1Q 35. Bxd1 Rxd1 36. bxa5 Rxd5 37. Rc8+ Kf7 38. Rc7+ Kf6 39. Rxb7 Rxa5 40. Rb3 h5 41. Rf3+ Kg6 42. h4 Rb5 43. Rc3 a5 44. Kf3 Kf5 45. a4 Re5 46. Rc4 Rd5 47. Rf4+ Ke6 48. Ke3 Rd1 49. Rc4 Ra1 50. Rc5 Rxa4 51. Rxh5 Ra3+ 52. Ke4 Ra1 53. Rg5 Kf6 54. Kf4 Ra4+ 55. Kf3 Ra3+ 56. Kg4 Ra4+ 57. f4 Ra1 58. h5 a4 59. Rg6+ Kf7 60. Ra6 a3 61. Kf5 a2 62. g4 Ke7 63. g5 Kf8 64. Kg6 Re1 65. Rxa2 Re6+ 66. Kh7 Re7 67. Ra8+ Kf7 68. Rg8 1-0

[Event "Alushta Summer 1st"]
[Site "Alushta"]
[Date "2007.06.09"]
[Round "10"]
[White "Belikov, Vladimir"]
[Black "Khudiakov, Alexandr"]
[Result "1-0"]
[WhiteElo "2564"]
[BlackElo "2182"]
[PlyCount "65"]
[EventDate "2007.06.02"]
[EventType "tourn"]
[EventRounds "13"]
[EventCountry "UKR"]
[EventCategory "7"]
[SourceTitle "CBM 119 Extra"]
[Source "ChessBase"]
[SourceDate "2007.09.04"]
[SourceVersion "1"]
[SourceVersionDate "2007.09.04"]
[SourceQuality "1"]

1. d4 Nf6 2. c4 c6 3. Nf3 d5 4. e3 g6 5. Nc3 Bg7 6. cxd5 cxd5 7. Ne5 0-0 8. Be2 Be6 9. Qb3 b6 10. Bd2 Nfd7 11. Nd3 Nf6 12. Nf4 Qd7 13. Rc1 Nc6 14. Qa4 g5 15. Bb5 Rac8 16. Nce2 gxf4 17. Nxf4 Ne4 18. Bxc6 Qc7 19. f3 Nc5 20. dxc5 Qxc6 21. Qxc6 Rxc6 22. cxb6 Rxb6 23. b3 Ra6 24. Nxe6 Rxe6 25. Kf2 Bh6 26. Rhd1 Rd8 27. e4 Bg7 28. Ba5 Rd7 29. Rc8+ Bf8 30. Rxd5 Rxd5 31. exd5 Ra6 32. b4 Kg7 33. Rc6 1-0

[Event "Alushta Summer 1st"]
[Site "Alushta"]
[Date "2007.06.08"]
[Round "9"]
[White "Khudiakov, Alexandr"]
[Black "Shishkin, Vadim"]
[Result "0-1"]
[WhiteElo "2182"]
[BlackElo "2515"]
[PlyCount "42"]
[EventDate "2007.06.02"]
[EventType "tourn"]
[EventRounds "13"]
[EventCountry "UKR"]
[EventCategory "7"]
[SourceTitle "CBM 119 Extra"]
[Source "ChessBase"]
[SourceDate "2007.09.04"]
[SourceVersion "1"]
[SourceVersionDate "2007.09.04"]
[SourceQuality "1"]

1. d4 Nf6 2. Nf3 g6 3. Bg5 Bg7 4. e3 0-0 5. Bd3 d5 6. Nbd2 Nbd7 7. 0-0 Re8 8. e4 dxe4 9. Nxe4 Nxe4 10. Bxe4 Nf6 11. Bxf6 Bxf6 12. c3 c6 13. Re1 Be6 14. Bc2 Qc7 15. Bb3 Bxb3 16. axb3 c5 17. dxc5 Qxc5 18. Qd7 Qb6 19. b4 e5 20. Ra5 e4 21. Rb5 Qc6 0-1

[Event "Alushta Summer 1st"]
[Site "Alushta"]
[Date "2007.06.06"]
[Round "6"]
[White "Harutjunyan, Gevorg"]
[Black "Khudiakov, Alexandr"]
[Result "1/2-1/2"]
[WhiteElo "2404"]
[BlackElo "2182"]
[PlyCount "108"]
[EventDate "2007.06.02"]
[EventType "tourn"]
[EventRounds "13"]
[EventCountry "UKR"]
[EventCategory "7"]
[SourceTitle "CBM 119 Extra"]
[Source "ChessBase"]
[SourceDate "2007.09.04"]
[SourceVersion "1"]
[SourceVersionDate "2007.09.04"]
[SourceQuality "1"]

1. Nf3 d5 2. g3 c6 3. Bg2 Nf6 4. b3 Bg4 5. Bb2 Nbd7 6. d3 e6 7. Nbd2 Be7 8. 0-0 0-0 9. e4 a5 10. a3 a4 11. b4 c5 12. b5 Nb6 13. Qe2 c4 14. e5 cxd3 15. cxd3 Nfd7 16. Qe3 Bxf3 17. Nxf3 Nc5 18. h4 Nb3 19. Rae1 Ra5 20. g4 Rxb5 21. g5 d4 22. Qe4 Nc5 23. Qe2 Rxb2 24. Qxb2 Nxd3 25. Qb5 Nxe1 26. Rxe1 Bxa3 27. h5 Be7 28. g6 fxg6 29. hxg6 hxg6 30. Rd1 Rf4 31. Qd3 Kf7 32. Bh3 Qd5 33. Nxd4 Rxd4 34. Qxd4 Qxd4 35. Rxd4 a3 36. Rf4+ Ke8 37. Bxe6 Nd7 38. Ra4 Bc5 39. Rc4 b5 40. Re4 Ke7 41. Ba2 g5 42. Kg2 Nb6 43. Rg4 Na4 44. Rxg5 Nc3 45. Bb3 a2 46. Bxa2 Nxa2 47. e6 Bd4 48. Rxb5 Kxe6 49. Kg3 Nc3 50. Rb4 Ke5 51. f3 g5 52. Rxd4 Ne2+ 53. Kg4 Nxd4 54. Kxg5 Nxf3+ 1/2-1/2

[Event "Alushta Summer 1st"]
[Site "Alushta"]
[Date "2007.06.04"]
[Round "4"]
[White "Annaberdiev, Meilis"]
[Black "Khudiakov, Alexandr"]
[Result "1-0"]
[WhiteElo "2447"]
[BlackElo "2182"]
[PlyCount "61"]
[EventDate "2007.06.02"]
[EventType "tourn"]
[EventRounds "13"]
[EventCountry "UKR"]
[EventCategory "7"]
[SourceTitle "CBM 119 Extra"]
[Source "ChessBase"]
[SourceDate "2007.09.04"]
[SourceVersion "1"]
[SourceVersionDate "2007.09.04"]
[SourceQuality "1"]

1. d4 d5 2. Nf3 c6 3. Bf4 Nf6 4. e3 Bf5 5. Bd3 Bxd3 6. cxd3 e6 7. 0-0 Nbd7 8. Nc3 Be7 9. h3 0-0 10. Rc1 Qa5 11. a3 Rfc8 12. Qd2 Qd8 13. e4 c5 14. e5 Ne8 15. dxc5 Nxc5 16. Nd4 a6 17. Be3 g6 18. f4 Ng7 19. g4 Qd7 20. Kh1 Rc7 21. f5 exf5 22. gxf5 gxf5 23. Qg2 f4 24. Nxd5 fxe3 25. Nf5 Bg5 26. Nf6+ Bxf6 27. exf6 Qc6 28. Nh6+ Kf8 29. fxg7+ Ke7 30. Rxf7+ Ke6 31. Rxc7 1-0

[Event "UKR-ch sf"]
[Site "Alushta"]
[Date "2004.05.09"]
[Round "6"]
[White "Lichmann, Peter"]
[Black "Khudiakov, Alexandr"]
[Result "0-1"]
[WhiteElo "2285"]
[BlackElo "2181"]
[PlyCount "106"]
[EventDate "2004.05.04"]
[EventType "swiss"]
[EventRounds "9"]
[EventCountry "UKR"]
[SourceTitle "EXT 2005"]
[Source "ChessBase"]
[SourceDate "2004.11.15"]
[SourceVersion "1"]
[SourceVersionDate "2004.11.15"]
[SourceQuality "1"]

1. d4 d5 2. c4 c6 3. Nf3 Nf6 4. Nc3 a6 5. a4 e6 6. cxd5 cxd5 7. Bg5 Be7 8. e3 Nc6 9. Be2 0-0 10. 0-0 Bd7 11. Ne5 Nxe5 12. dxe5 Ne4 13. Bxe7 Qxe7 14. Qd4 Qc5 15. Qxc5 Nxc5 16. Rfd1 Rfc8 17. f3 Rc7 18. Ra3 Be8 19. Kf2 Rac8 20. Rd2 Kf8 21. Ke1 Ke7 22. Rd4 Nd7 23. f4 Nb8 24. Rd2 Nc6 25. Kf2 Rd8 26. Ra1 Na5 27. Ra3 Nc6 28. Ra1 Na5 29. Rdd1 Rc6 30. Ra3 Rb6 31. Ra2 Bc6 32. g3 f6 33. exf6+ gxf6 34. Bd3 h6 35. Rb1 Rb4 36. Ra3 Nb3 37. Bc2 Nd2 38. Rd1 Nc4 39. Rb3 Rxb3 40. Bxb3 Nxb2 41. Rd4 b5 42. axb5 axb5 43. f5 e5 44. Rh4 d4 45. exd4 Rxd4 46. Rxd4 exd4 47. Ne2 d3 48. Nd4 Bd7 49. Ke3 Kd6 50. g4 Kc5 51. h4 d2 52. Ne6+ Bxe6 53. fxe6 d1Q 0-1

[Event "Alushta Caissa 1st"]
[Site "Alushta"]
[Date "2002.09.11"]
[Round "14"]
[White "Khudiakov, Alexandr"]
[Black "Shtyrenkov, Veniamen"]
[Result "0-1"]
[WhiteElo "2314"]
[BlackElo "2457"]
[PlyCount "34"]
[EventDate "2002.09.01"]
[EventType "tourn"]
[EventRounds "18"]
[EventCountry "UKR"]
[EventCategory "8"]
[SourceTitle "CBM 090 Extra"]
[Source "ChessBase"]
[SourceDate "2002.11.07"]
[SourceVersion "1"]
[SourceVersionDate "2002.11.07"]
[SourceQuality "1"]

1. e4 e5 2. d4 exd4 3. Qxd4 Nc6 4. Qe3 Nf6 5. Nc3 Bb4 6. Bd2 0-0 7. 0-0-0 Re8 8. Qg3 Rxe4 9. Bg5 Bxc3 10. Qxc3 Re8 11. f3 Ne4 12. fxe4 Qxg5+ 13. Kb1 Qe5 14. Qb3 d6 15. Bc4 Be6 16. Bxe6 Rxe6 17. Qxb7 Rb8 0-1

[Event "Alushta Caissa 1st"]
[Site "Alushta"]
[Date "2002.09.09"]
[Round "11"]
[White "Kalugin, Sergey V"]
[Black "Khudiakov, Alexandr"]
[Result "1-0"]
[WhiteElo "2468"]
[BlackElo "2314"]
[PlyCount "39"]
[EventDate "2002.09.01"]
[EventType "tourn"]
[EventRounds "18"]
[EventCountry "UKR"]
[EventCategory "8"]
[SourceTitle "CBM 090 Extra"]
[Source "ChessBase"]
[SourceDate "2002.11.07"]
[SourceVersion "1"]
[SourceVersionDate "2002.11.07"]
[SourceQuality "1"]

1. e4 e5 2. Nf3 Nc6 3. Bb5 Nf6 4. 0-0 Bc5 5. c3 0-0 6. d4 Bb6 7. dxe5 Nxe4 8. Qd5 Nc5 9. Bg5 Qe8 10. Re1 Qe6 11. Qd1 Qg6 12. Bh4 Re8 13. b4 Ne4 14. Qd5 Nxe5 15. Nxe5 Nxf2 16. Bxf2 Bxf2+ 17. Kxf2 Qb6+ 18. Qc5 Qf6+ 19. Nf3 Rxe1 20. Kxe1 1-0

[Event "Alushta Caissa 1st"]
[Site "Alushta"]
[Date "2002.09.09"]
[Round "12"]
[White "Khudiakov, Alexandr"]
[Black "Nikitin, Andrey"]
[Result "1/2-1/2"]
[WhiteElo "2314"]
[BlackElo "2471"]
[PlyCount "21"]
[EventDate "2002.09.01"]
[EventType "tourn"]
[EventRounds "18"]
[EventCountry "UKR"]
[EventCategory "8"]
[SourceTitle "CBM 090 Extra"]
[Source "ChessBase"]
[SourceDate "2002.11.07"]
[SourceVersion "1"]
[SourceVersionDate "2002.11.07"]
[SourceQuality "1"]

1. c4 Nf6 2. Nc3 e5 3. g3 c6 4. Nf3 e4 5. Nd4 d5 6. cxd5 cxd5 7. Bg2 Nc6 8. Nxc6 bxc6 9. d3 exd3 10. Qxd3 Bb4 11. 0-0 1/2-1/2

[Event "Alushta Caissa 1st"]
[Site "Alushta"]
[Date "2002.09.04"]
[Round "5"]
[White "Shtyrenkov, Veniamen"]
[Black "Khudiakov, Alexandr"]
[Result "1-0"]
[WhiteElo "2457"]
[BlackElo "2314"]
[PlyCount "81"]
[EventDate "2002.09.01"]
[EventType "tourn"]
[EventRounds "18"]
[EventCountry "UKR"]
[EventCategory "8"]
[SourceTitle "CBM 090 Extra"]
[Source "ChessBase"]
[SourceDate "2002.11.07"]
[SourceVersion "1"]
[SourceVersionDate "2002.11.07"]
[SourceQuality "1"]

1. e4 e6 2. d4 d5 3. Nd2 Nf6 4. e5 Nfd7 5. Bd3 c5 6. c3 Nc6 7. Ne2 cxd4 8. cxd4 f6 9. exf6 Nxf6 10. 0-0 Bd6 11. Nf3 0-0 12. Bg5 Qc7 13. Bh4 Nh5 14. Qc2 h6 15. Bg6 Nf4 16. Nxf4 Rxf4 17. Bg3 Rf8 18. Rad1 Bxg3 19. hxg3 Rf6 20. Ne5 Bd7 21. f4 Rc8 22. Rfe1 Nxe5 23. dxe5 Qxc2 24. Bxc2 Rf7 25. Bb3 a5 26. Bxd5 exd5 27. e6 Bxe6 28. Rxe6 Rd8 29. Rd4 Kf8 30. Re5 Rfd7 31. Kf2 Kf7 32. Ke3 b6 33. Rd3 Rd6 34. Kd4 R8d7 35. Rb3 Kf6 36. Rb5 g5 37. Rexd5 gxf4 38. gxf4 Ke6 39. Rxd6+ Rxd6+ 40. Ke4 Rd2 41. Rxb6+ 1-0

[Event "Alushta Caissa 1st"]
[Site "Alushta"]
[Date "2002.09.02"]
[Round "2"]
[White "Khudiakov, Alexandr"]
[Black "Kalugin, Sergey V"]
[Result "0-1"]
[WhiteElo "2314"]
[BlackElo "2468"]
[PlyCount "52"]
[EventDate "2002.09.01"]
[EventType "tourn"]
[EventRounds "18"]
[EventCountry "UKR"]
[EventCategory "8"]
[SourceTitle "CBM 090 Extra"]
[Source "ChessBase"]
[SourceDate "2002.11.07"]
[SourceVersion "1"]
[SourceVersionDate "2002.11.07"]
[SourceQuality "1"]

1. e4 e5 2. Nf3 Nc6 3. d4 exd4 4. Bc4 Nf6 5. Ng5 Bb4+ 6. c3 dxc3 7. bxc3 Ne5 8. Qd4 Bd6 9. f4 Nxc4 10. Qxc4 Qe7 11. e5 Bc5 12. Qe2 Nd5 13. Qf3 f6 14. Qxd5 fxg5 15. Nd2 c6 16. Qc4 d5 17. Qe2 0-0 18. Nb3 gxf4 19. Nxc5 Qxc5 20. Bd2 Bf5 21. Rf1 Be4 22. Qg4 Rf5 23. Rc1 Raf8 24. Rxf4 Rxe5 25. Rxf8+ Qxf8 26. Qf4 Bxg2+ 0-1